Európsky sociálny fond pomáha rozvíjať ľudské zdroje

Slovensko môže čerpať z Európskeho sociálneho fondu (ESF) finančné prostriedky vo výške 329 miliónov eur na rozvoj zamestnanosti. Programové dokumenty na základe ktorých je poskytovaná finančná pomoc: Sektorový operačný program Ľudské zdroje, Jednotný programový dokument NUTS II - Bratislava Cieľ 3...

ver descrição completa

Na minha lista:
Detalhes bibliográficos
Autor principal: Vaculčíková, Emília
Formato: Capítulo de Livro
Idioma:eslovaco
Assuntos:
Tags: Adicionar Tag
Sem tags, seja o primeiro a adicionar uma tag!

MARC

LEADER 00000naa$a2200000$$$4500
001 0019012
005 20231004124228.3
041 0 |a slo 
044 |a SK 
245 1 0 |a Európsky sociálny fond pomáha rozvíjať ľudské zdroje  |c Emília Vaculčíková 
520 |a Slovensko môže čerpať z Európskeho sociálneho fondu (ESF) finančné prostriedky vo výške 329 miliónov eur na rozvoj zamestnanosti. Programové dokumenty na základe ktorých je poskytovaná finančná pomoc: Sektorový operačný program Ľudské zdroje, Jednotný programový dokument NUTS II - Bratislava Cieľ 3, Iniciatíva Spoločenstva EQUAL, ich priority a opatrenia. Národné projekty realizované Ústredím práce, sociálnych vecí a rodiny SR. Adresy na webe pre viac informácií. 
610 2 0 |a fondy štruktúrne 
610 2 0 |a spolupráca hospodárska medzinárodná 
610 2 0 |a zdroje ľudské 
610 2 0 |a zamestnanosť 
610 2 0 |a Európska únia 
610 2 0 |a Slovensko 
100 1 |a Vaculčíková, Emília